[Event "International Tournament "Paracin 2017" - OPEN A"]
[Site "Paracin, Hotel "Petrus""]
[Date "2017.07.14"]
[Round "9.49"]
[White "Martic, Ivan"]
[Black "Gordon, Evgeny"]
[Result "0-1"]
[WhiteElo "2356"]
[BlackElo "1942"]
[PlyCount "86"]
[EventDate "2017.07.07"]

1. e4 e6 2. d4 d5 3. e5 Bd7 4. Nf3 a6 5. c4 dxc4 6. Bxc4 Bb5 7. Bb3 Bb4+ 8. Nc3
Ne7 9. a4 Bc6 10. O-O h6 11. Qd3 Nd7 12. Rd1 a5 13. Ne2 Nd5 14. Ng3 Be7 15. Nh5
Kf8 16. Bd2 g6 17. Ng3 Nb4 18. Bxb4 axb4 19. a5 Kg7 20. Ne4 Nb8 21. Nfd2 Na6
22. Nc4 Bxe4 23. Qxe4 c6 24. Rd3 Nc7 25. Rf1 Nd5 26. f4 h5 27. Rg3 Bh4 28. Rh3
Be7 29. Kh1 Qc7 30. Rg3 Bh4 31. f5 Bxg3 32. f6+ Kg8 33. hxg3 Rxa5 34. Nd6 Ra8
35. Bxd5 cxd5 36. Qf4 Qc2 37. Rc1 Qxb2 38. Rc7 Rf8 39. Qg5 Qb1+ 40. Kh2 h4 41.
g4 h3 42. Rc1 hxg2+ 43. Kg3 g1=Q+ 0-1

[Event "International Tournament "]
[Site "Paracin, Hotel "]
[Date "2017.07.14"]
[Round "9.50"]
[White "Raykov, Stefan"]
[Black "Tisma, Ivan"]
[Result "1-0"]
[WhiteElo "2103"]
[BlackElo "2221"]
[PlyCount "55"]
[EventDate "2017.07.07"]

1. e4 c5 2. Nf3 d6 3. d4 cxd4 4. Nxd4 Nf6 5. Nc3 a6 6. Bg5 Nbd7 7. f4 Qc7 8.
Qf3 h6 9. Bxf6 Nxf6 10. f5 e5 11. fxe6 fxe6 12. O-O-O Be7 13. Qh3 e5 14. Ne6
Bxe6 15. Qxe6 Qd7 16. Qb3 Qc6 17. Bc4 Rb8 18. h3 Bd8 19. Bxa6 Ke7 20. Bb5 Qc5
21. Nd5+ Nxd5 22. Rxd5 Qf2 23. Rf1 Qxg2 24. Rxe5+ dxe5 25. Qb4+ Ke6 26. Qc4+
Kd6 27. Qd5+ Kc7 28. Qc5# 1-0